| 000 | 00000nas##2200000za#4500 |
|---|---|
| 001 | 9.506425 |
| 003 | CaOODSP |
| 005 | 20210511115006 |
| 007 | cr ||||||||||| |
| 008 | 150406c2000||||xxc|| p o||||f| |0eng|d |
| 022 | |a1912-0737 |
| 040 | |aCaOODSP|beng |
| 043 | |an-cn--- |
| 086 | 1 |aIu71-4/5E-PDF |
| 110 | 2 |aCanadian Intellectual Property Office. |
| 245 | 12|aA guide to trade-marks |h[electronic resource] |
| 260 | |aGatineau - Quebec : |bIndustry Canada. |cJanuary 2000-. |
| 310 | |aIrregular |
| 690 | 07|aIntellectual property|2gcpds |
| 690 | 07|aTrademarks|2gcpds |
| 775 | 08|tLe guide des marques de commerce.|w(CaOODSP)9.502821 |